Ekonomické úvahy patnáct článků hledajících uveřejnění

Salvato in:
Dettagli Bibliografici
Autore principale: Pollak, Harry
Natura: Libro
Lingua:ceco
Pubblicazione: [Praha] Professional Publishing 2023
Edizione:1. vydání
Soggetti:
Tags: Aggiungi Tag
Nessun Tag, puoi essere il primo ad aggiungerne!!

MARC

LEADER 00000nam a2200000 4500
001 0307906
005 20250611083528.2
020 |a 978-80-88260-65-3 
041 0 |a cze 
044 |a CZ 
245 1 0 |a Ekonomické úvahy  |b patnáct článků hledajících uveřejnění  |c Harry Pollak 
250 |a 1. vydání 
264 1 |a [Praha]  |b Professional Publishing  |c 2023 
300 |a 164 s. 
610 2 0 |a manažment 
610 2 0 |a manažment krízový 
610 2 0 |a podnikanie 
610 2 0 |a stratégia podniková 
610 2 0 |a výkonnosť podniku 
610 2 0 |a nezamestnanosť 
100 1 |a Pollak, Harry